Productivity engineering & management / (Record no. 347318)
[ view plain ]
| 000 -LEADER | |
|---|---|
| fixed length control field | 00556 a2200169 4500 |
| 020 ## - INTERNATIONAL STANDARD BOOK NUMBER | |
| International Standard Book Number | 0072347929 (hardcover) |
| 020 ## - INTERNATIONAL STANDARD BOOK NUMBER | |
| International Standard Book Number | 9780072347920 (hardcover) |
| 090 ## - LOCALLY ASSIGNED LC-TYPE CALL NUMBER (OCLC); LOCAL CALL NUMBER (RLIN) | |
| -- | 4888 |
| -- | 4888 |
| 100 1# - MAIN ENTRY--PERSONAL NAME | |
| Personal name | Sumanth, David J. |
| 245 10 - TITLE STATEMENT | |
| Title | Productivity engineering & management / |
| Statement of responsibility, etc. | David J. Sumanth. |
| 250 ## - EDITION STATEMENT | |
| Edition statement | Edition Unstated ed. |
| 260 ## - PUBLICATION, DISTRIBUTION, ETC. | |
| Place of publication, distribution, etc. | [S.l.] : |
| Name of publisher, distributor, etc. | McGraw-Hill Companies, The, |
| Date of publication, distribution, etc. | 1999. |
| 300 ## - PHYSICAL DESCRIPTION | |
| Extent | 1 v. (unpaged) |
| 500 ## - GENERAL NOTE | |
| General note | Import. |
| 856 40 - ELECTRONIC LOCATION AND ACCESS | |
| Materials specified | Amazon.com |
| Uniform Resource Identifier | <a href="http://www.amazon.com/exec/obidos/ASIN/0072347929/chopaconline-20">http://www.amazon.com/exec/obidos/ASIN/0072347929/chopaconline-20</a> |
| 942 ## - ADDED ENTRY ELEMENTS (KOHA) | |
| Institution code [OBSOLETE] | NBS |
| Koha item type | Book |
| Call number prefix | 658.5 SUM |
| Withdrawn status | Lost status | Damaged status | Not for loan | Permanent Location | Current Location | Date acquired | Total Checkouts | Full call number | Barcode | Date last seen | Price effective from | Koha item type | Date last checked out | Public note | Source of classification or shelving scheme | Collection code | Shelving location |
|---|---|---|---|---|---|---|---|---|---|---|---|---|---|---|---|---|---|
| Central Library (CL) | Central Library (CL) | 08/28/2013 | 658.5 SUM | NBS3277 | 08/28/2013 | 08/28/2013 | Book | ||||||||||
| Write Off | Central Library (CL) | Central Library (CL) | 08/28/2013 | 1 | 658.5 SUM | NBS3280 | 07/02/2015 | 08/28/2013 | Book | 07/02/2015 | No:67/2004/NIMS, Dated:23 August 2004 | ||||||
| Write Off | Central Library (CL) | Central Library (CL) | 08/28/2013 | 1 | 658.5 SUM | NBS3279 | 07/06/2015 | 08/28/2013 | Book | 07/06/2015 | No:67/2004/NIMS, Dated:23 August 2004 | ||||||
| Central Library (CL) | Central Library (CL) | 08/12/2015 | 1 | 658.5 SUM | NBS3276 | 06/09/2023 | 08/12/2015 | Book | 05/23/2023 | General Stacks | |||||||
| Central Library (CL) | Central Library (CL) | 09/23/2016 | 658.5 SUM 1994 | NBSP-07 | 09/23/2016 | 09/23/2016 | Book | General Stacks | |||||||||
| Central Library (CL) | Central Library (CL) | 08/09/2018 | 658.5 SUM 1994 | NBSD-3020 | 08/09/2018 | 08/09/2018 | Book | General Stacks |
